000 01246nac a22003251i 4500
003 EG-ScBUE
005 20251207103838.0
008 250813t1996 enka f b 001 0 eng d
020 _a0471939714 (acid-free paper)
020 _a9780471939719
040 _aEG-ScBUE
_beng
_erda
_cEG-ScBUE
_dEG-ScBUE
082 0 4 _a547.70454513
_bPHY
_222
245 0 0 _aPhysical properties of polymeric gels /
_cedited by J. P. Cohen Addad, Université Joseph-Fourier Grenoble 1.
264 1 _aChichester :
_bJohn Wiley & Sons,
_c[1996]
264 4 _cc1996
300 _axii, 311 pages :
_billustrations ;
_c24 cm
336 _2rdacontent
_atext
_btxt
337 _aunmediated
_2rdamedia
_bn
338 _avolume
_bnc
_2rdacarrier
500 _aForeword by : Nobel prize winner Professor P. G. de Gennes.
500 _aIncludes appendix.
504 _aIncludes bibliographical references and index.
650 7 _aPolymer colloids.
_2BUEsh
650 7 _aOrganic compounds.
_2BUEsh
655 _vReading book
700 2 _aCohen Addad, J. P.,
_eeditor.
856 4 2 _3Publisher description
_uhttp://www.loc.gov/catdir/description/wiley032/95022534.html
856 4 2 _3Table of Contents
_uhttp://www.loc.gov/catdir/toc/onix02/95022534.html
942 _cBB
_2ddc
999 _c7603
_d7603